Statistics for Top 100 Premier League Players

Click here to take the quiz!

General Stats

  • This quiz has been taken 10,502 times
    (10,485 since last reset)
  • The average score is 51 of 100

Answer Stats

RkPlayerPostMain ClubCountry% Correct
6Cristiano RonaldoFWMan. Utd
97%
2Thierry HenryFWArsenal
95%
14Wayne RooneyFW/MFMan. Utd
88%
4Alan ShearerFWNewcastle
87%
15Didier DrogbaFWChelsea
87%
10Frank LampardMFChelsea
87%
3Roy KeaneMFMan. Utd
86%
11Steven GerrardMFLiverpool
86%
92Robbie KeaneFWTottenham
85%
35Sergio AgueroSTMan. City
84%
18Luis SuarezFWLiverpool
83%
12John TerryDFChelsea
82%
5Paul ScholesMFMan. Utd
82%
17Rio FerdinandDFMan. Utd
79%
50Les FerdinandFWTottenham
78%
1Ryan GiggsFWMan. Utd
78%
23Andy ColeFWMan. Utd
77%
16Ashley ColeDFChelsea
77%
28Nemanja VidicDFMan. Utd
77%
13Peter SchmeichelGKMan. Utd
77%
19Yaya TouréMFMan. City
77%
9Dennis BergkampFWArsenal
76%
7Patrick VieiraMFArsenal
76%
27Robin van PersieFWArsenal
76%
96Harry KaneFWTottenham
75%
24Vincent KompanyDFMan. City
75%
8Eric CantonaFWMan. Utd
72%
62Petr CechGKChelsea
71%
47David SilvaMFMan. City
65%
44Edwin van der SarGKMan. Utd
64%
100Alexis SanchezFWArsenal
63%
21David BeckhamMFMan. Utd
63%
39Ruud van NistelrooyFWMan. Utd
63%
52Fernando TorresFWChelsea
62%
42Michael OwenFWLiverpool
62%
98Phil NevilleDF/MFMan. Utd
62%
70Dimitar BerbatovFWMan. Utd
61%
22Gary NevilleDFMan. Utd
61%
25Robert PiresMFArsenal
60%
90David De GeaGKMan. Utd
59%
74Tim CahillMFEverton
58%
37Cesc FabregasMFArsenal
57%
32Gareth BaleFWTottenham
57%
30Gianfranco ZolaFWChelsea
57%
68Luka ModricMFTottenham
57%
33David SeamanGKArsenal
55%
48Sol CampbellDFTottenham
53%
97Tim HowardGKEverton
53%
45Dwight YorkeFWAston Villa
51%
40Jamie CarragherDFLiverpool
51%
43Xabi AlonsoMFLiverpool
51%
81Joe HartGKMan. City
50%
64Ole Gunnar SolskjaerFWMan. Utd
50%
55Patrice EvraDFMan. Utd
50%
26Robbie FowlerFWLiverpool
50%
20Tony AdamsDFArsenal
50%
65Carlos TevezFWMan. City
49%
60Branislav IvanovicDFChelsea
48%
31Jaap StamDFMan. Utd
47%
85Mesut OzilMFArsenal
47%
88Pepe ReinaGKLiverpool
47%
36Ian WrightFWArsenal
44%
34Matt Le TissierMFSouthampton
44%
53Pablo ZabaletaDFMan. City
44%
77Michael CarrickMFMan. Utd
43%
38Teddy SheringhamFWTottenham
42%
71Nicolas AnelkaFWChelsea
41%
75Ricardo CarvalhoDFChelsea
41%
41Claude MakéléléMFChelsea
40%
93JayJay OkochaMFBolton
40%
49Emmanuel PetitMFArsenal
35%
46Denis IrwinDFMan. Utd
33%
89Paolo Di CanioFWWest Ham
33%
57Jurgen KlinsmannFWTottenham
32%
54Sami HyypiaDFLiverpool
32%
79Jimmy-Floyd HasselbainkFWChelsea
29%
56Ledley KingDFTottenham
29%
67Marc OvermarsMFArsenal
28%
58Marcel DesaillyDFChelsea
27%
94Kevin PhillipsFWSunderland
25%
69Nicky ButtMF/DFMan. Udt
25%
66Steve BruceDFMan. Utd
25%
86David JamesGKLiverpool
24%
91Chris SuttonFWBlackburn
23%
82Martin KeownDF/MFArsenal
22%
29Gary SpeedMFLeeds
21%
59Lee DixonDFArsenal
21%
51Mark HughesFWMan. Utd
21%
63David GinolaFWTottenham
19%
61Gary PallisterDFMan. Utd
17%
83Gus PoyetMFChelsea
14%
95Nigel WinterburnDFArsenal
13%
72Steve McManamanMFLiverpool
13%
80Paul InceMFMan. Utd
12%
87Roberto Di MatteoMFChelsea
11%
99Scott ParkerMFWest Ham
11%
78Lucas RadebeDFLeeds
10%
76David BattyMFLeeds
8%
73Peter BeardsleyMF/FWNewcastle
8%
84Graeme Le SauxDFChelsea
7%

Score Distribution

Percentile by Number Answered

Percent of People with Each Score

Your Score History

You have not taken this quiz since the last reset